01135 2200397 4500001002100000005001500021007000300036008004100039020002200080035002000102040001700122041000800139082001200147090001900159100002700178245006600205250001100271264003100282300003700313336002100350337003000371338002300401500002800424650001000452700003100462700003800493700002800531850001000559990002500569990002500594990002300619990002300642990002400665990002400689990002400713INLIS00000000000516820260515014619ta260515 0  a978-602-0935-35-5 a0010-0222000258 aSBPUPADbind aind a297.122 a297 MOE k 2-220 aIbnu BurdahePengarang1 aIqra Tartila Jilid Lima /cIbnu Burdah;Editor, Dani Fitriyani acet.20 aJakarta :bErlangga,c2016 axiv,65 hal :billus. ;c13x19 cm 2rdacontentaTeks 2rdamediaaTanpa Perantara 2rdacarrieraVolume aBiografi Penulis,hlm 64 4aAgama aAdhika PrasetyaePengarang aEditor, Dani FitriyaniePengarang aHijrah AhmadePengarang aPUPAD a22.327/KAPD/Pdg/2016 a22.327/KAPD/Pdg/2016 a22.328/KAPD/2016/B a22.328/KAPD/2016/B a22.391/KAPD/2019(B) a22.391/KAPD/2019(B) a22.391/KAPD/2019(B)